The GAIA atlas of future worlds : (Record no. 5986)

MARC details
000 -LEADER
fixed length control field 00727nam a22002177a 4500
003 - CONTROL NUMBER IDENTIFIER
control field OSt
005 - DATE AND TIME OF LATEST TRANSACTION
control field 20251121114137.0
008 - FIXED-LENGTH DATA ELEMENTS--GENERAL INFORMATION
fixed length control field 251121b |||||||| |||| 00| 0 eng d
020 ## - INTERNATIONAL STANDARD BOOK NUMBER
International Standard Book Number 1-85675-110-4
040 ## - CATALOGING SOURCE
Original cataloging agency DWC-Main lib
Transcribing agency OC
082 ## - DEWEY DECIMAL CLASSIFICATION NUMBER
Classification number GR. 306.01 M996 1990
100 ## - MAIN ENTRY--PERSONAL NAME
Personal name Myers, N.
245 ## - TITLE STATEMENT
Title The GAIA atlas of future worlds :
Remainder of title challenge and opportunity in an age of change
Statement of responsibility, etc. Myers, Norman
260 ## - PUBLICATION, DISTRIBUTION, ETC.
Place of publication, distribution, etc. Great Britain :
Name of publisher, distributor, etc. s.n.,
Date of publication, distribution, etc. c1990
300 ## - PHYSICAL DESCRIPTION
Extent 190 pages :
Other physical details colored illustration :
Dimensions 24 cm.
504 ## - BIBLIOGRAPHY, ETC. NOTE
Bibliography, etc. note Includes index<br/>
650 ## - SUBJECT ADDED ENTRY--TOPICAL TERM
Source of heading or term Economic forecasting
650 ## - SUBJECT ADDED ENTRY--TOPICAL TERM
Source of heading or term Environmental policy
650 ## - SUBJECT ADDED ENTRY--TOPICAL TERM
Source of heading or term Human ecology
942 ## - ADDED ENTRY ELEMENTS (KOHA)
Source of classification or shelving scheme Dewey Decimal Classification
Koha item type General Reference
Classification part GR. 306.01 M996 1990
Call number prefix GR.
Suppress in OPAC No
952 ## - LOCATION AND ITEM INFORMATION (KOHA)
--
Holdings
Withdrawn status Lost status Source of classification or shelving scheme Damaged status Not for loan Home library Current library Shelving location Date acquired Source of acquisition Total Checkouts Full call number Barcode Date last seen Copy number Price effective from Koha item type Uniform Resource Identifier
    Dewey Decimal Classification     College Library College Library General Reference 10/11/2005 School Fund   GR. 306.01 M996 1990 CL42462 11/21/2025 c1 11/21/2025 GR